Star Trek Characters - Statistics

General Stats
  • This quiz has been taken 48 times
  • The average score is 9 of 10
Answer Stats
Picture Answer % Correct
Captain Kirk
100%
Mr. Spock
100%
Scotty
98%
Bones McCoy
95%
Sulu
95%
Uhura
90%
Chekov
88%
Khan
83%
Captain Pike
74%
Gorn
60%
No matching quizzes found
Score Distribution
Percent of People with Each Score
Percentile by Number Answered
Your Score History
You have not taken this quiz